• 首页
  • 本馆介绍
  • 公告通知
  • 最新文献
  • 馆藏检索
  • 电子资源
  • 读者导购
  • 参考咨询
  • 我的图书馆
  • 登录
  • 详细信息显示
  • 放入我的书架
  • 预约/预借图书
  • 作者相关作品
  • 分类相关作品
  • 丛书相关作品
  • 出版社相关作品

书目信息

  • 表格格式
  • 工作单格式
  • 卡片格式
题名:
全景恐龙百科
    
 
作者: 易涵 编
分册:  
出版信息: 北京   中国华侨出版社  2018
页数: 14, 299页
开本: 25cm
丛书名:
单 册:
中图分类: Q915.864
科图分类:
主题词: 恐龙--Kong Long--普及读物
电子资源:
ISBN: 978-7-5113-7138-6
000 01082nam0 2200277 450
001 012001001276
005 20131107175157.0
010    @a978-7-5113-7138-6@dCNY68.00
099    @aCAL 012018094305
100    @a20180511d2018 em y0chiy50 ea
101 0  @achi
102    @aCN@b110000
105    @aab z 000yy
106    @ar
200 1  @a全景恐龙百科@AQuan Jing Kong Long Bai Ke@e科学探索恐龙世界的无穷奥秘@e彩图典藏版@f易涵编
210    @a北京@c中国华侨出版社@d2018
215    @a14, 299页@c彩图, 地图@d25cm
300    @a经典读本 理想藏书
330    @a本书中分为远古生命、古生代、爬行动物时代、恐龙时代、恐龙探秘、恐龙大发现几部分,既纵向介绍了不同时期恐龙的生活状况,也横向介绍了每个时期存在的不同恐龙及其他物种;既有分门别类的对恐龙不同科属的介绍,也有对某一恐龙成员的详细描绘。
333    @a一般读者
517 1  @a科学探索恐龙世界的无穷奥秘@Ake xue tan suo kong long shi jie de wu qiong ao mi
606 0  @a恐龙@AKong Long@j普及读物
690    @aQ915.864@v5
701  0 @a易涵@AYi Han@4编
801  0 @aCN@b北京卓展@c20191020
905    @b1197917-20@dQ915.864@e33@f4
    
    全景恐龙百科:科学探索恐龙世界的无穷奥秘:彩图典藏版/易涵编.-北京:中国华侨出版社,2018
    14, 299页:彩图, 地图;25cm
    经典读本 理想藏书.-使用对象:一般读者
    
    ISBN 978-7-5113-7138-6:CNY68.00
    本书中分为远古生命、古生代、爬行动物时代、恐龙时代、恐龙探秘、恐龙大发现几部分,既纵向介绍了不同时期恐龙的生活状况,也横向介绍了每个时期存在的不同恐龙及其他物种;既有分门别类的对恐龙不同科属的介绍,也有对某一恐龙成员的详细描绘。
●
相关链接 在E读中查询图书 在五车中查询图书 在当当中查询图书 在豆瓣中查询图书


正题名:全景恐龙百科     索取号:Q915.864/33         预约/预借

序号 登录号 条形码 馆藏地/架位号 状态 备注
1 1197917   211979171   第二样本阅览室/ [索取号:Q915.864/33] 在馆    
2 1197918   211979180   第三借阅区/ [索取号:Q915.864/33] 在馆    
3 1197919   211979199   第三借阅区/ [索取号:Q915.864/33] 在馆    
4 1197920   211979206   第三借阅区/ [索取号:Q915.864/33] 在馆    
唐山师范学院图书馆 欢迎您!
大连网信软件有限公司© 版权所有